000
00340nam a2200145Ia 4500
003
OSt
008
191201s2013 xx 000 0 und d
082
_a
551
_b
SIE
100
_a
SINGH, Parbin
245
0
_a
Engineering and General Geology
260
_a
N. Delhi
_b
S.K.Kataria
_c
2013
300
_a
591
650
_a
B.Tech(CE)
942
_2
ddc
_c
BK
999
_c
5887
_d
5887